000 00656nam a2200205 a 4500
003 0
005 20240731135604.0
008 021121s19uu xx 00 eng d
050 _aVHS 400
_bR 05
100 _aASCD
245 _aReading in the content areas #3 /
_cAssociation for Supervision for Curriculum Development.
260 _aAlexandria, Va :
_bAssociation for Supervision and Curriculum Development,
_cc2002.
300 _a3 tapes, 26 min.
500 _aLibrary has 4 copies
650 _aContent area reading.
650 _aReading comprehension.
650 _aIndividualized reading instruction.
942 _cAVM
_2lcc
999 _c108532
_d108532